000 01438cab a2200253 4500
001 ABS49358
008 090401t1993 xxu||||| |||| 00| 0 eng d
035 _a(Sirsi) u71002
041 _aeng
245 _aUnited Dominions Trust Ltd v Shellpoint Trustees Ltd
260 _c1993
350 _a0
490 _aEstates Gazette
_v1993 35 EG 121-124(4)
520 _aCA 19 March 1993. Appeal against a decision allowing U`s claim for relief from forfeiture in relation to a flat. S acquired the interest of the flat from Newcom Ltd in May 1988. U acted as morgagee to Mr Karimi-Nick who acquired the lease in July 1987. In 1988 an order for repossession over K`s failure to pay service charges to N. U was unaware of the order until December 1990 and commenced proceedings in February 1991 for relief from forfeiture. CA held that by its interest as mortgagee of the lease, U was an `underlessee` of the flat and was for the purposes of County Court Act 1984 s138, a `lessee` within the meaning of ss (2) (5) and (7). Having failed to apply for relief within the time limit was barred under s138(7) from obtaining relief.
650 _aADMINISTRATION OF JUSTICE ACT 1985
650 _aCOUNTY COURT ACT 1984 S138
650 _aFORFEITURE
650 _aLEASES
650 _aRELIEF FROM FORFEITURE
650 _aRENT ARREARS
690 _aLANDLORD AND TENANT-CASE LAW-RESIDENTIAL TENANCIES
942 _n0
948 _c04/03/1997
999 _c44735
_d44735